000 00597 a2200157 4500
999 _c3148
_d3148
020 _a9780582894365
050 _aKD313 MCK 2005
100 _aMcKay, William R.
_eauthor
245 _aLegal English :
_b how to understand and master the language of law /
_cWilliam R. McKay and Helen E. Charlton
264 _aNew York :
_bPearson Longman,
_c2011
300 _avii, 188p. :
_bill.(col)
500 _aIncludes bibliographical references and index
650 _aEnglish language--
_xconversation and phrase books for lawyers
700 _a Charlton, Helen E.
_eauthor
942 _2lcc
_cBK
_h313
_iMCK
_kKD